[Event "CZE-chT2F 1314"]
[Site "Czech Republic"]
[Date "2014.01.04"]
[Round "6.23"]
[White "Kretek, Bretislav"]
[Black "Matras Clement, Agnieszka"]
[Result "0-1"]
[WhiteElo "2219"]
[BlackElo "2245"]
[PlyCount "72"]
[EventDate "2013.11.03"]
[EventType "team-tourn"]
[EventRounds "11"]
[EventCountry "CZE"]
[SourceTitle "EXT 2016"]
[Source "ChessBase"]
[SourceDate "2015.10.08"]
[SourceVersion "1"]
[SourceVersionDate "2015.10.08"]
[SourceQuality "1"]
[WhiteTeam "Mosty u Jablunkova"]
[BlackTeam "Trinec II"]
[WhiteTeamCountry "CZE"]
[BlackTeamCountry "CZE"]

1. Nf3 d5 2. g3 Nf6 3. Bg2 c6 4. 0-0 Bf5 5. d3 e6 6. Nbd2 Be7 7. c4 h6 8. b3 0-0 9. Bb2 Nbd7 10. Rc1 a5 11. a3 Bh7 12. Rc2 Re8 13. Re1 Qb6 14. cxd5 exd5 15. Bd4 Qc7 16. Qa1 Bd6 17. Bh3 Ne5 18. Nxe5 Bxe5 19. Nf3 Bxd4 20. Qxd4 Re7 21. Rec1 Rae8 22. e3 Qd6 23. Rc5 Ra8 24. a4 Nd7 25. R5c3 Nf6 26. Qf4 Qa3 27. Bf5 Bxf5 28. Qxf5 Rae8 29. Nd4 Nd7 30. Qf4 Ne5 31. Rd1 Rd7 32. Kg2 Rd6 33. Nf5 Rf6 34. d4 g5 35. Ne7+ Qxe7 36. Qxe5 Qd8 0-1

[Event "CZE-chT2F 1314"]
[Site "Czech Republic"]
[Date "2013.11.17"]
[Round "2.44"]
[White "Ockay, Tomas"]
[Black "Kretek, Bretislav"]
[Result "0-1"]
[WhiteElo "2154"]
[BlackElo "2219"]
[PlyCount "80"]
[EventDate "2013.11.03"]
[EventType "team-tourn"]
[EventRounds "11"]
[EventCountry "CZE"]
[SourceTitle "EXT 2016"]
[Source "ChessBase"]
[SourceDate "2015.10.08"]
[SourceVersion "1"]
[SourceVersionDate "2015.10.08"]
[SourceQuality "1"]
[WhiteTeam "Poruba VOKD"]
[BlackTeam "Mosty u Jablunkova"]
[WhiteTeamCountry "CZE"]
[BlackTeamCountry "CZE"]

1. Nf3 Nf6 2. b3 d6 3. d4 g6 4. Bb2 Bg7 5. g3 0-0 6. Bg2 c6 7. 0-0 Nbd7 8. c4 Re8 9. Nc3 e5 10. e3 exd4 11. Nxd4 Nc5 12. Qc2 a5 13. a3 h5 14. b4 Ne6 15. Nce2 Ng5 16. Nf4 Bd7 17. b5 Rc8 18. bxc6 bxc6 19. Rfd1 Nge4 20. a4 Qc7 21. Ba3 Nc5 22. Nd3 Nfe4 23. Nxc5 Nxc5 24. Ra2 h4 25. Bxc5 dxc5 26. Nb3 hxg3 27. hxg3 Bg4 28. Rd2 Qb6 29. Nc1 Bf5 30. Qb3 Qc7 31. Nd3 Rb8 32. Qa3 Rb1+ 33. Kh2 Qe7 34. Qxc5 Qg5 35. Nf4 Qh6+ 36. Bh3 Be5 37. Qxc6 Bxf4 38. Qxe8+ Kg7 39. Kg2 Qxh3+ 40. Kf3 Qh5+ 0-1

[Event "CZE-chT2F 1314"]
[Site "Czech Republic"]
[Date "2013.11.03"]
[Round "1.34"]
[White "Kretek, Bretislav"]
[Black "Weissmann, Lukas"]
[Result "1/2-1/2"]
[WhiteElo "2219"]
[BlackElo "2134"]
[PlyCount "38"]
[EventDate "2013.11.03"]
[EventType "team-tourn"]
[EventRounds "11"]
[EventCountry "CZE"]
[SourceTitle "EXT 2016"]
[Source "ChessBase"]
[SourceDate "2015.10.08"]
[SourceVersion "1"]
[SourceVersionDate "2015.10.08"]
[SourceQuality "1"]
[WhiteTeam "Mosty u Jablunkova"]
[BlackTeam "Dobra"]
[WhiteTeamCountry "CZE"]
[BlackTeamCountry "CZE"]

1. Nf3 Nf6 2. g3 d5 3. Bg2 c6 4. 0-0 Bg4 5. d3 Nbd7 6. Nbd2 e5 7. e4 dxe4 8. dxe4 Bc5 9. c3 a5 10. Qc2 0-0 11. Nc4 Qc7 12. Ne3 Bh5 13. Nf5 Rfe8 14. h3 Bf8 15. Bg5 h6 16. Be3 Nc5 17. N3h4 Ne6 18. Bf3 Bxf3 19. Nxf3 Kh7 1/2-1/2

[Event "CZE-chT1E 1011"]
[Site "Czech Republic"]
[Date "2011.02.13"]
[Round "8.5"]
[White "Kretek, Bretislav"]
[Black "Uricar, Jakub"]
[Result "0-1"]
[WhiteElo "2240"]
[BlackElo "2216"]
[PlyCount "82"]
[EventDate "2010.10.10"]
[EventType "team-tourn"]
[EventRounds "11"]
[EventCountry "CZE"]
[SourceTitle "EXT 2012"]
[Source "ChessBase"]
[SourceDate "2011.11.24"]
[SourceVersion "1"]
[SourceVersionDate "2011.11.24"]
[SourceQuality "1"]
[WhiteTeam "Trinec II"]
[BlackTeam "Stare Mesto"]
[WhiteTeamCountry "CZE"]
[BlackTeamCountry "CZE"]

1. Nf3 d5 2. g3 Nf6 3. Bg2 g6 4. 0-0 Bg7 5. d3 0-0 6. Nbd2 c5 7. e4 e6 8. Re1 Nc6 9. c3 b6 10. exd5 exd5 11. Nf1 h6 12. Bf4 Be6 13. Ne5 Nxe5 14. Bxe5 Qd7 15. Ne3 Rad8 16. Qf3 Nh7 17. Bxg7 Kxg7 18. d4 Nf6 19. Rad1 Qa4 20. a3 Qb3 21. Rd2 Ne4 22. Rde2 cxd4 23. cxd4 Qa4 24. b4 Ng5 25. Qf4 Qxa3 26. h4 Nh7 27. Qe5+ Kg8 28. Bxd5 Rfe8 29. Bxe6 Rxe6 30. Qf4 Qxb4 31. Qxh6 Qxd4 32. Rc1 Nf6 33. Rec2 Rde8 34. Rc4 Qd6 35. h5 Rxe3 36. hxg6 Re1+ 37. Rxe1 Rxe1+ 38. Kh2 Rh1+ 39. Kxh1 Qd5+ 40. Kg1 Qxc4 41. g7 Nh7 0-1

[Event "CZE-chT1E 0607"]
[Site "Czech Republic"]
[Date "2006.11.26"]
[Round "3.6"]
[White "Kretek, Bretislav"]
[Black "Knazovcik, Ladislav"]
[Result "1/2-1/2"]
[WhiteElo "2263"]
[BlackElo "2269"]
[PlyCount "32"]
[EventDate "2006.10.15"]
[EventType "team"]
[EventRounds "11"]
[EventCountry "CZE"]
[SourceTitle "EXT 2008"]
[Source "ChessBase"]
[SourceDate "2007.11.25"]
[SourceVersion "1"]
[SourceVersionDate "2007.11.25"]
[SourceQuality "1"]

1. e4 c6 2. d3 d5 3. Nd2 e5 4. Ngf3 Bd6 5. g3 Nf6 6. Bg2 0-0 7. 0-0 Re8 8. c3 Be6 9. Qc2 h6 10. Re1 Nbd7 11. Nf1 dxe4 12. dxe4 b5 13. Nh4 Bc5 14. Nf5 Ng4 15. N1e3 Ndf6 16. Bf3 Nxe3 1/2-1/2

[Event "CZE-chT1E 0607"]
[Site "Czech Republic"]
[Date "2006.11.25"]
[Round "3.6"]
[White "Kretek, Bretislav"]
[Black "Bazant, Petr Jr"]
[Result "0-1"]
[WhiteElo "2263"]
[BlackElo "2281"]
[PlyCount "74"]
[EventDate "2006.10.15"]
[EventType "team"]
[EventRounds "11"]
[EventCountry "CZE"]
[SourceTitle "EXT 2008"]
[Source "ChessBase"]
[SourceDate "2007.11.25"]
[SourceVersion "1"]
[SourceVersionDate "2007.11.25"]
[SourceQuality "1"]

1. Nf3 Nf6 2. g3 b6 3. Bg2 Bb7 4. d3 d5 5. 0-0 e6 6. Nbd2 Be7 7. b3 0-0 8. c4 Nbd7 9. Bb2 Rc8 10. Qc2 a5 11. a3 c6 12. Bc3 b5 13. Ra2 Qc7 14. Rc1 e5 15. cxb5 Qb6 16. bxc6 Rxc6 17. Qd1 Bc5 18. e3 Bxe3 19. fxe3 Qxe3+ 20. Kh1 Ng4 21. Nf1 Nf2+ 22. Rxf2 Qxf2 23. Bxe5 Rxc1 24. Qxc1 Rc8 25. Qd2 Qxd2 26. N1xd2 Rc1+ 27. Bf1 Nxe5 28. Nxe5 Rd1 29. Nef3 g5 30. h3 h5 31. Kh2 g4 32. Be2 Ra1 33. Nd4 Ba6 34. Nf1 Ra2 35. Kg1 gxh3 36. a4 Kf8 37. Nh2 Bc8 0-1

[Event "CZE-chT1E 0607"]
[Site "Czech Republic"]
[Date "2006.10.22"]
[Round "1.4"]
[White "Kretek, Bretislav"]
[Black "Olsar, Jaroslav"]
[Result "1/2-1/2"]
[WhiteElo "2263"]
[BlackElo "2294"]
[PlyCount "35"]
[EventDate "2006.10.15"]
[EventType "team"]
[EventRounds "11"]
[EventCountry "CZE"]
[SourceTitle "EXT 2008"]
[Source "ChessBase"]
[SourceDate "2007.11.25"]
[SourceVersion "1"]
[SourceVersionDate "2007.11.25"]
[SourceQuality "1"]

1. Nf3 d5 2. g3 Nf6 3. Bg2 c6 4. 0-0 Bg4 5. c4 e6 6. b3 Nbd7 7. Bb2 a5 8. cxd5 exd5 9. d3 Bc5 10. Nbd2 0-0 11. a3 Re8 12. e3 Qe7 13. Qc2 Rad8 14. Rfe1 Bd6 15. e4 dxe4 16. dxe4 Ne5 17. Qc3 Bxf3 18. Bxf3 1/2-1/2

[Event "CZE-chT1 East 0506"]
[Site "Czech Republic"]
[Date "2006.02.19"]
[Round "8.5"]
[White "Beil, Zdenek"]
[Black "Kretek, Bretislav"]
[Result "1-0"]
[WhiteElo "2310"]
[BlackElo "2264"]
[PlyCount "71"]
[EventDate "2005.10.23"]
[EventType "team"]
[EventRounds "11"]
[EventCountry "CZE"]
[SourceTitle "EXT 2008"]
[Source "ChessBase"]
[SourceDate "2007.11.25"]
[SourceVersion "1"]
[SourceVersionDate "2007.11.25"]
[SourceQuality "1"]

1. d4 Nf6 2. c4 d6 3. Nf3 Nbd7 4. Nc3 e5 5. e4 exd4 6. Nxd4 g6 7. Be2 Bg7 8. 0-0 0-0 9. Bg5 Re8 10. Qd2 Nc5 11. f3 c6 12. Rfd1 a5 13. Bf1 a4 14. Bf4 Nh5 15. Be3 Qa5 16. Rab1 Be5 17. Nce2 Qc7 18. g3 Ng7 19. b3 axb3 20. axb3 f5 21. b4 Na4 22. exf5 Nxf5 23. Bf2 Nb6 24. Nc3 Nxd4 25. Bxd4 Bf5 26. Rbc1 Nd7 27. f4 Bxd4+ 28. Qxd4 Ra3 29. Rd2 Re6 30. g4 Bxg4 31. Ne4 Bf5 32. Nxd6 Rxd6 33. Qxd6 Qb6+ 34. c5 Qxb4 35. Bc4+ Kh8 36. Qd4+ 1-0

[Event "CZE-chT1 East 0506"]
[Site "Czech Republic"]
[Date "2006.01.22"]
[Round "6.5"]
[White "Kulovana, Eva"]
[Black "Kretek, Bretislav"]
[Result "1-0"]
[WhiteElo "2131"]
[BlackElo "2264"]
[PlyCount "71"]
[EventDate "2005.10.23"]
[EventType "team"]
[EventRounds "11"]
[EventCountry "CZE"]
[SourceTitle "EXT 2008"]
[Source "ChessBase"]
[SourceDate "2007.11.25"]
[SourceVersion "1"]
[SourceVersionDate "2007.11.25"]
[SourceQuality "1"]

1. e4 c5 2. Nf3 e6 3. d4 cxd4 4. Nxd4 Nf6 5. Nc3 Nc6 6. Ndb5 d6 7. Bf4 e5 8. Bg5 a6 9. Na3 Be6 10. Nc4 Rc8 11. Ne3 Be7 12. Bxf6 Bxf6 13. Ncd5 Bg5 14. c3 0-0 15. Be2 g6 16. 0-0 f5 17. exf5 gxf5 18. f4 Bh6 19. g3 Ne7 20. Kh1 Nxd5 21. Nxd5 Rc5 22. Nb4 Qb6 23. Bf3 e4 24. Bg2 Rd8 25. Qc1 d5 26. Qe3 d4 27. cxd4 Rc4 28. a3 Qxd4 29. Qe2 Rdc8 30. Rad1 Qb6 31. Nd5 Bxd5 32. Rxd5 Rc2 33. Qh5 e3 34. Re5 Bg7 35. Re7 e2 36. Qf7+ 1-0

[Event "CZE-chT1 East 0506"]
[Site "Czech Republic"]
[Date "2005.11.13"]
[Round "2.4"]
[White "Mlynek, Petr"]
[Black "Kretek, Bretislav"]
[Result "1/2-1/2"]
[WhiteElo "2254"]
[BlackElo "2264"]
[PlyCount "40"]
[EventDate "2005.10.23"]
[EventType "team"]
[EventRounds "11"]
[EventCountry "CZE"]
[SourceTitle "EXT 2008"]
[Source "ChessBase"]
[SourceDate "2007.11.25"]
[SourceVersion "1"]
[SourceVersionDate "2007.11.25"]
[SourceQuality "1"]

1. d4 Nf6 2. c4 d6 3. Nf3 Nbd7 4. Nc3 e5 5. e4 Be7 6. Be2 0-0 7. 0-0 c6 8. h3 Re8 9. d5 Nc5 10. Qc2 a5 11. Be3 Qc7 12. Rac1 g6 13. Nh2 Bf8 14. Ng4 Nh5 15. Nh6+ Bxh6 16. Bxh6 Nf4 17. Bg4 Qe7 18. Bxc8 Raxc8 19. Bxf4 exf4 20. g3 Qe5 1/2-1/2

[Event "MOR-chT2N 0203"]
[Site "Moravia"]
[Date "2002.11.17"]
[Round "3"]
[White "Kuba, Jindrich"]
[Black "Kretek, Bretislav"]
[Result "0-1"]
[WhiteElo "2134"]
[BlackElo "2272"]
[PlyCount "106"]
[EventDate "2002.10.??"]
[EventType "team"]
[EventRounds "11"]
[EventCountry "CZE"]
[SourceTitle "EXT 2006"]
[Source "ChessBase"]
[SourceDate "2005.11.24"]
[SourceVersion "1"]
[SourceVersionDate "2005.11.24"]
[SourceQuality "1"]

1. e4 c5 2. Nf3 e6 3. d4 cxd4 4. Nxd4 Nf6 5. Bd3 Nc6 6. Nxc6 bxc6 7. 0-0 d5 8. e5 Nd7 9. f4 Ba6 10. Bxa6 Qb6+ 11. Kh1 Qxa6 12. b3 Be7 13. Bb2 0-0 14. Nd2 Nc5 15. Bd4 Rad8 16. Rf3 Ne4 17. Nxe4 dxe4 18. Rh3 g6 19. Qg1 Rd7 20. c3 Rfd8 21. b4 Bxb4 22. Re3 c5 23. cxb4 cxd4 24. Rxe4 d3 25. Ree1 d2 26. Red1 Qc4 27. Qf2 Qxb4 28. h3 Qe4 29. Rab1 Rd4 30. Rb2 Qxf4 31. Qxf4 Rxf4 32. Rdxd2 Rxd2 33. Rxd2 Re4 34. Rd6 a5 35. Kg1 Rxe5 36. Ra6 Kg7 37. Kf2 g5 38. a4 h5 39. Kf3 f5 40. Ra7+ Kf6 41. Ra8 Rc5 42. Ra6 g4+ 43. hxg4 hxg4+ 44. Ke3 Rc2 45. g3 Rg2 46. Rxa5 Rxg3+ 47. Ke2 Ra3 48. Ra8 f4 49. a5 Ra2+ 50. Kf1 Kf5 51. a6 e5 52. a7 Ke4 53. Rg8 Rxa7 0-1

[Event "MOR-chT2N 0203"]
[Site "Moravia"]
[Date "2002.11.03"]
[Round "2"]
[White "Vratny, Radim"]
[Black "Kretek, Bretislav"]
[Result "1/2-1/2"]
[WhiteElo "2134"]
[BlackElo "2272"]
[PlyCount "29"]
[EventDate "2002.10.??"]
[EventType "team"]
[EventRounds "11"]
[EventCountry "CZE"]
[SourceTitle "EXT 2006"]
[Source "ChessBase"]
[SourceDate "2005.11.24"]
[SourceVersion "1"]
[SourceVersionDate "2005.11.24"]
[SourceQuality "1"]

1. e4 g6 2. d4 Bg7 3. Nc3 c6 4. Nf3 d6 5. Be2 Nf6 6. 0-0 0-0 7. a4 Nbd7 8. h3 Qc7 9. Be3 e5 10. dxe5 Nxe5 11. Nxe5 dxe5 12. Bc4 Nh5 13. Ne2 Nf4 14. c3 Be6 15. Bxe6 1/2-1/2

[Event "CZE-chT 9293"]
[Site "Czech Republic"]
[Date "1992.12.13"]
[Round "4"]
[White "Kretek, Bretislav"]
[Black "Trichkov, Vasil"]
[Result "0-1"]
[WhiteElo "2295"]
[BlackElo "2380"]
[PlyCount "68"]
[EventDate "1992.11.28"]
[EventType "team-tourn"]
[EventRounds "9"]
[EventCountry "CZE"]
[SourceTitle "EXT 2019"]
[Source "ChessBase"]
[SourceDate "2018.10.10"]
[SourceVersion "1"]
[SourceVersionDate "2018.10.10"]
[SourceQuality "1"]
[WhiteTeam "Havirov SK CSABI Slavia"]
[BlackTeam "Praha Bohemians"]
[WhiteTeamCountry "CZE"]
[BlackTeamCountry "CZE"]

1. e4 c5 2. Nf3 d6 3. d4 Nf6 4. Nc3 cxd4 5. Nxd4 a6 6. Bg5 e6 7. f4 Qb6 8. Nb3 Nbd7 9. Qe2 Qc7 10. 0-0-0 Be7 11. g3 h6 12. Bxf6 Bxf6 13. Rd3 b5 14. Bg2 Rb8 15. Rhd1 Be7 16. Nd4 0-0 17. g4 b4 18. Na4 Nc5 19. Nxc5 dxc5 20. Nf3 Qxf4+ 21. Kb1 a5 22. R3d2 Qc7 23. h4 c4 24. g5 h5 25. Ne1 c3 26. Rd4 a4 27. Rc4 Qb6 28. Qxh5 b3 29. axb3 axb3 30. Rxc3 bxc2+ 31. Rxc2 g6 32. Qf3 e5 33. Qg3 Be6 34. h5 Bb3 0-1

[Event "CZE-chT 9293"]
[Site "Czech Republic"]
[Date "1992.11.28"]
[Round "1"]
[White "Kretek, Bretislav"]
[Black "Ambroz, Jan"]
[Result "0-1"]
[WhiteElo "2295"]
[BlackElo "2415"]
[PlyCount "80"]
[EventDate "1992.11.28"]
[EventType "team-tourn"]
[EventRounds "9"]
[EventCountry "CZE"]
[SourceTitle "EXT 2019"]
[Source "ChessBase"]
[SourceDate "2018.10.10"]
[SourceVersion "1"]
[SourceVersionDate "2018.10.10"]
[SourceQuality "1"]
[WhiteTeam "Havirov SK CSABI Slavia"]
[BlackTeam "Hradec Kralove Slavia"]
[WhiteTeamCountry "CZE"]
[BlackTeamCountry "CZE"]

1. e4 e6 2. d3 d5 3. Nd2 Nf6 4. Ngf3 Nc6 5. Be2 Be7 6. 0-0 0-0 7. c3 a5 8. Qc2 e5 9. exd5 Nxd5 10. Re1 Bg4 11. Nc4 f6 12. Qb3 a4 13. Qxb7 Bd7 14. Nfxe5 fxe5 15. Nxe5 Rb8 16. Nxc6 Rxb7 17. Nxd8 Bxd8 18. Bf3 c6 19. Bd1 Nf4 20. Bc2 c5 21. Re4 Bc7 22. b3 Bc6 23. Bxf4 Rxf4 24. Rxf4 Bxf4 25. bxa4 Bd2 26. Bb3+ Kf8 27. c4 Ra7 28. Rb1 Bc3 29. Kf1 Bd4 30. Bd1 Bxa4 31. Rb8+ Ke7 32. Bxa4 Rxa4 33. Rb7+ Ke6 34. Rb6+ Kf5 35. Rb8 Rxa2 36. Rf8+ Ke6 37. Rf3 Ra7 38. g3 Rf7 39. Rxf7 Kxf7 40. Kg2 g5 0-1

[Event "Mlada Boleslav op"]
[Site "Mlada Boleslav"]
[Date "1992.??.??"]
[Round "6"]
[White "Kretek, Bretislav"]
[Black "Petkevich, Jusefs"]
[Result "0-1"]
[WhiteElo "2295"]
[BlackElo "2460"]
[PlyCount "88"]
[EventDate "1992.??.??"]
[EventType "swiss"]
[EventRounds "9"]
[EventCountry "CSR"]
[SourceTitle "EXT 1997"]
[Source "ChessBase"]
[SourceDate "1996.11.15"]
[SourceVersion "1"]
[SourceVersionDate "1996.11.15"]
[SourceQuality "1"]

1. e4 g6 2. d4 Bg7 3. Nf3 d6 4. Be2 Nd7 5. 0-0 e5 6. Nc3 Ngf6 7. dxe5 dxe5 8. Be3 0-0 9. h3 b6 10. Bc4 Bb7 11. Qd3 Qe7 12. Nd5 Nxd5 13. Bxd5 c6 14. Bb3 Nf6 15. a4 Rad8 16. Qc4 c5 17. Bg5 h6 18. Bxf6 Qxf6 19. Rfe1 Kh8 20. a5 Qc6 21. axb6 axb6 22. Ba4 Qd6 23. c3 f5 24. Rad1 Qf6 25. Rxd8 Rxd8 26. Bc2 Bc6 27. Qe2 Re8 28. Bd3 c4 29. Bc2 b5 30. Ra1 Ra8 31. Rxa8+ Bxa8 32. Nd2 Qc6 33. Kh1 Bf8 34. Nf3 fxe4 35. Nxe5 Qe6 36. Ng4 h5 37. Ne3 Qe5 38. Qd1 Bd6 39. g3 h4 40. Qg4 hxg3 41. Qc8+ Kg7 42. Qxa8 gxf2 43. Qb7+ Kh6 44. Nf1 Qg5 0-1

[Event "CSR-ch"]
[Site "Bratislava"]
[Date "1991.??.??"]
[Round "6"]
[White "Kolcak, Marek"]
[Black "Kretek, Bretislav"]
[Result "1/2-1/2"]
[WhiteElo "2290"]
[BlackElo "2305"]
[PlyCount "81"]
[EventDate "1991.??.??"]
[EventType "swiss"]
[EventRounds "11"]
[EventCountry "CZE"]
[SourceTitle "EXT 1997"]
[Source "ChessBase"]
[SourceDate "1996.11.15"]
[SourceVersion "1"]
[SourceVersionDate "1996.11.15"]
[SourceQuality "1"]

1. e4 c5 2. c3 g6 3. d4 cxd4 4. cxd4 d5 5. exd5 Nf6 6. Bb5+ Nbd7 7. Nc3 Bg7 8. d6 exd6 9. Nf3 0-0 10. 0-0 a6 11. Bd3 b5 12. Ne4 Nxe4 13. Bxe4 Rb8 14. Bf4 Nf6 15. Bc6 Nh5 16. Bg5 f6 17. Bd2 Kh8 18. Qb3 g5 19. Rac1 g4 20. Qd5 gxf3 21. Qxf3 Be6 22. Qxh5 Bxa2 23. Be4 Bg8 24. Bf5 Qe8 25. Qh4 Qe2 26. Bf4 Rfe8 27. Rc7 Rb7 28. Rc2 Qe7 29. h3 Bf8 30. Rc3 Rc7 31. Re3 Qd8 32. Rxe8 Qxe8 33. Qxf6+ Bg7 34. Qxd6 Rf7 35. g4 Qe2 36. Be5 a5 37. Bxg7+ Rxg7 38. Qe5 Qxb2 39. Rb1 Qc3 40. Qc5 Qxc5 41. dxc5 1/2-1/2

[Event "CSR-ch"]
[Site "Bratislava"]
[Date "1991.??.??"]
[Round "5"]
[White "Kretek, Bretislav"]
[Black "Rasik, Vitezslav"]
[Result "0-1"]
[WhiteElo "2305"]
[BlackElo "2410"]
[PlyCount "106"]
[EventDate "1991.??.??"]
[EventType "swiss"]
[EventRounds "11"]
[EventCountry "CZE"]
[SourceTitle "EXT 1997"]
[Source "ChessBase"]
[SourceDate "1996.11.15"]
[SourceVersion "1"]
[SourceVersionDate "1996.11.15"]
[SourceQuality "1"]

1. e4 c5 2. Nf3 e6 3. d3 Nc6 4. g3 g6 5. Bg2 Bg7 6. 0-0 Nge7 7. c3 0-0 8. Qc2 b6 9. Nbd2 d5 10. Rd1 Bb7 11. Nf1 Rc8 12. h4 d4 13. c4 Qd7 14. N1h2 e5 15. h5 Rce8 16. Nh4 f5 17. hxg6 hxg6 18. Bg5 Qd6 19. Rf1 f4 20. Bf3 Nd8 21. Ng4 Bc8 22. Rae1 fxg3 23. Bd1 Nf7 24. Bc1 g5 25. Ng2 gxf2+ 26. Rxf2 Ng6 27. Ref1 Nf4 28. Bxf4 exf4 29. Bf3 Ne5 30. Nxe5 Bxe5 31. Qe2 Qe6 32. Ne1 Qe7 33. Rg2 Bh3 34. Bh5 f3 35. Rxf3 Rxf3 36. Nxf3 Bxg2 37. Qxg2 Rf8 38. Nxg5 Qg7 39. Ne6 Qxg2+ 40. Kxg2 Rf6 41. Ng5 Rh6 42. Bf7+ Kg7 43. Nf3 Kf6 44. Be8 Bf4 45. Bd7 Rg6+ 46. Kf1 Rg3 47. Kf2 Rg7 48. Bh3 Be3+ 49. Ke2 Rg3 50. Bf1 Kg6 51. b3 Kh5 52. Ne1 Kg4 53. Ng2 Rf3 0-1

[Event "Sala op"]
[Site "Sala"]
[Date "1991.??.??"]
[Round "5"]
[White "Packa, Ladislav"]
[Black "Kretek, Bretislav"]
[Result "1/2-1/2"]
[WhiteElo "2210"]
[BlackElo "2305"]
[PlyCount "43"]
[EventDate "1991.??.??"]
[EventType "swiss"]
[EventRounds "11"]
[EventCountry "CSR"]
[SourceTitle "EXT 2005"]
[Source "ChessBase"]
[SourceDate "2004.11.15"]
[SourceVersion "1"]
[SourceVersionDate "2004.11.15"]
[SourceQuality "1"]

1. d4 Nf6 2. c4 c5 3. d5 b5 4. Nf3 Bb7 5. Bg5 Ne4 6. Bf4 bxc4 7. Nc3 Qa5 8. Bd2 Nxd2 9. Nxd2 d6 10. Nxc4 Qd8 11. e4 g6 12. Qa4+ Nd7 13. e5 dxe5 14. Nxe5 a6 15. Ne4 Rc8 16. Ng5 Bg7 17. Ngxf7 Qc7 18. Qxd7+ Qxd7 19. Nxd7 Kxf7 20. Bc4 Rcd8 21. Nxc5 Bxd5 22. Bxd5+ 1/2-1/2

[Event "CSR-ch"]
[Site "Bratislava"]
[Date "1991.??.??"]
[Round "11"]
[White "Ruckschloss, Karol"]
[Black "Kretek, Bretislav"]
[Result "0-1"]
[WhiteElo "2315"]
[BlackElo "2305"]
[PlyCount "84"]
[EventDate "1991.??.??"]
[EventType "swiss"]
[EventRounds "11"]
[EventCountry "CZE"]
[SourceTitle "EXT 1997"]
[Source "ChessBase"]
[SourceDate "1996.11.15"]
[SourceVersion "1"]
[SourceVersionDate "1996.11.15"]
[SourceQuality "1"]

1. c4 g6 2. d4 Nf6 3. Nc3 Bg7 4. e4 d6 5. Be2 0-0 6. Be3 Na6 7. h4 h5 8. f3 c5 9. d5 e6 10. dxe6 Bxe6 11. Qd2 Qb6 12. Nh3 Qb4 13. Rb1 Bxc4 14. a3 Qb3 15. Bxc4 Qxc4 16. Nf4 Qb3 17. Nfd5 Nxd5 18. Nxd5 Rae8 19. Bh6 Bxh6 20. Nf6+ Kg7 21. Nxe8+ Rxe8 22. Qc3+ Qxc3+ 23. bxc3 b6 24. Kf2 Kf8 25. Rhd1 Ke7 26. Rd3 Rd8 27. Rbd1 Bg7 28. c4 Nb8 29. f4 Nc6 30. a4 Bd4+ 31. Kf3 f5 32. Re1 Kf7 33. Rdd1 Re8 34. exf5 gxf5 35. Rxe8 Kxe8 36. Ke2 Nb4 37. g3 Kd7 38. Rb1 Kc6 39. Kd2 d5 40. Re1 Kd7 41. cxd5 Nxd5 42. Kd3 Ne3 0-1